American short stories

保存先:
書誌詳細
第一著者: American short stories
フォーマット: 図書
言語:Undetermined
出版事項: Chicago Scott, Foresman and Co 1952
主題:
タグ: タグ追加
タグなし, このレコードへの初めてのタグを付けませんか!
Thư viện lưu trữ: Trung tâm Học liệu Trường Đại học Cần Thơ
LEADER 00431nam a2200157Ia 4500
001 CTU_13634
008 210402s9999 xx 000 0 und d
082 |a 813.008 
082 |b A512 
100 |a American short stories 
245 0 |a American short stories 
260 |a Chicago 
260 |b Scott, Foresman and Co 
260 |c 1952 
650 |a short stories, american 
980 |a Trung tâm Học liệu Trường Đại học Cần Thơ